000 00846nam a2200121Ia 4500
008 220615s9999||||xx |||||||||||||| ||und||
100 _aRobb, Thomas
245 2 _aA strained partnership?
_bUS–UK relations in the era of détente, 1969–77
546 _aEnglish[eng]
650 _aPolitical Science||International relations||Politics||Richard Nixon||Gerald Ford||Harold Wilson||IMF Crisis||diplomacy||US-UK relations||US-UK relationship||special relationship||transatlantic relations||foreign policy||1969-1977||nuclear co-operation||Edward Heath||Europe||European Economic Community||Henry Kissinger||London||Mutual and Balanced Force Reductions||NATO||Soviet Union
856 _uhttps://library.oapen.org/bitstream/20.500.12657/45634/3/644194.pdf||https://library.oapen.org/bitstream/20.500.12657/45634/3/644194.pdf
942 _cEB
999 _c15039
_d15039